Ciencia, conciencia y luz /

En esta obra, Peter Russel, físico y psicológo a la vez, busca entender la naturaleza de la conciencia. El autor afirma que la conciencia es tan fundamental en la concepción del mundo como pueden serlo el espacio, el tiempo y la materia.

Guardat en:
Dades bibliogràfiques
Autor principal: Russel, Peter (autor)
Format: Llibre
Idioma:espanyol
Publicat: Barcelona, España : Kairós, 2001, c2001
Col·lecció:(Nueva Ciencia Kairós)
Matèries:
Etiquetes: Afegir etiqueta
Sense etiquetes, Sigues el primer a etiquetar aquest registre!

MARC

LEADER 00000nam^a2200000^a^4500
001 000145497
005 20250521000000.0
009 20260310095839.508
020 |a 84-7245-508-4 
037 |a Acervo ITESO - Biblioteca 
041 |a ESP 
082 |a 126.  |b RUS 
100 |a Russel, Peter  |e (autor) 
245 1 0 |a Ciencia, conciencia y luz /  |c P. Russell ; tr. por Silvia Alemany. 
264 4 |a Barcelona, España :  |b Kairós,  |c 2001, c2001 
300 |a 129 p. 
336 |a texto  |b txt  |2 rdacontenido 
337 |a sin mediación  |b n  |2 rdamedio 
338 |a volumen  |b nc  |2 rdasoporte 
440 1 |a (Nueva Ciencia Kairós) 
500 |a Traducción de: From Science to God 
520 |a En esta obra, Peter Russel, físico y psicológo a la vez, busca entender la naturaleza de la conciencia. El autor afirma que la conciencia es tan fundamental en la concepción del mundo como pueden serlo el espacio, el tiempo y la materia. 
649 |a XX 
650 |a Conciencia 
650 |a Dios 
650 |a Espiritualidad 
650 |a Luz 
650 |a Ciencia 
650 |a Psicología 
650 |a Meditación 
650 |a Representación Social 
650 |a Epistemología 
600 |a Mecánica Cuántica 
910 |a Fondo General 
920 |a Impresos - Libros 
930 |a Colección General 
905 |a 101 
901 |a 0500074899  |b IT1  |c ACC  |u 20250521 
902 |a https://opac.biblio.iteso.mx/vufind/Record/000145497